<?xml version="1.0" encoding="UTF-8"?>
<collection xmlns="http://www.loc.gov/MARC21/slim">
 <record>
  <leader>03079nam a2200457 a 4500</leader>
  <controlfield tag="001">1/45881</controlfield>
  <controlfield tag="008">150617s2011    gr  b         00010 eng  </controlfield>
  <datafield tag="020" ind1=" " ind2=" ">
   <subfield code="a">9789608396609</subfield>
  </datafield>
  <datafield tag="035" ind1=" " ind2=" ">
   <subfield code="l">48851</subfield>
  </datafield>
  <datafield tag="040" ind1=" " ind2=" ">
   <subfield code="a">GR-PeUP</subfield>
  </datafield>
  <datafield tag="082" ind1="0" ind2="0">
   <subfield code="a">327.101 ΡΑΠ</subfield>
  </datafield>
  <datafield tag="100" ind1="1" ind2=" ">
   <subfield code="a">Ραπτόπουλος, Νικόλαος.</subfield>
  </datafield>
  <datafield tag="245" ind1="1" ind2="3">
   <subfield code="a">Οι τρέχουσες εμπορικές και οικονομικές συναλλαγές της Τουρκίας με τις χώρες της άμεσης περιφέρειάς της :</subfield>
   <subfield code="b">η περίπτωση της Συρίας (2002-2009) /</subfield>
   <subfield code="c">Νικόλαος Ραπτόπουλος.</subfield>
  </datafield>
  <datafield tag="260" ind1="0" ind2=" ">
   <subfield code="a">Θεσσαλονίκη :</subfield>
   <subfield code="b">Εκδόσεις Πανεπιστημίου Μακεδονίας,</subfield>
   <subfield code="c">2011.</subfield>
  </datafield>
  <datafield tag="300" ind1=" " ind2=" ">
   <subfield code="a">ix, 157 σ. :</subfield>
   <subfield code="b">διαγρ. ;</subfield>
   <subfield code="c">24 εκ.</subfield>
  </datafield>
  <datafield tag="500" ind1=" " ind2=" ">
   <subfield code="a">Τίτλος στα αγγλικά: The current commercial and economic exchanges between Turkey and the States of the immediate Neeighborhood :The case of Syria (2002-2009).</subfield>
  </datafield>
  <datafield tag="504" ind1=" " ind2=" ">
   <subfield code="a">Περιέχει βιβλιογραφία.</subfield>
  </datafield>
  <datafield tag="650" ind1=" " ind2="4">
   <subfield code="a">Διεθνής συνεργασία.</subfield>
  </datafield>
  <datafield tag="650" ind1=" " ind2="4">
   <subfield code="a">Διεθνείς οικονομικές σχέσεις.</subfield>
  </datafield>
  <datafield tag="651" ind1=" " ind2="4">
   <subfield code="a">Τουρκία</subfield>
   <subfield code="x">Εξωτερικές οικονομικές σχέσεις</subfield>
   <subfield code="y">Μέση Ανατολή.</subfield>
  </datafield>
  <datafield tag="651" ind1=" " ind2="4">
   <subfield code="a">Τουρκία</subfield>
   <subfield code="x">Εξωτερικές οικονομικές σχέσεις</subfield>
   <subfield code="y">Συρία.</subfield>
  </datafield>
  <datafield tag="651" ind1=" " ind2="4">
   <subfield code="a">Μέση Ανατολή</subfield>
   <subfield code="x">Εξωτερικές οικονομικές σχέσεις</subfield>
   <subfield code="y">Τουρκία.</subfield>
  </datafield>
  <datafield tag="651" ind1=" " ind2="4">
   <subfield code="a">Συρία</subfield>
   <subfield code="x">Εξωτερικές οικονομικές σχέσεις</subfield>
   <subfield code="y">Τουρκία.</subfield>
  </datafield>
  <datafield tag="651" ind1=" " ind2="0">
   <subfield code="a">Turkey</subfield>
   <subfield code="x">Foreign economic relations</subfield>
   <subfield code="y">Middle East.</subfield>
  </datafield>
  <datafield tag="651" ind1=" " ind2="0">
   <subfield code="a">Turkey</subfield>
   <subfield code="x">Foreign economic relations</subfield>
   <subfield code="y">Syria.</subfield>
  </datafield>
  <datafield tag="651" ind1=" " ind2="0">
   <subfield code="a">Middle East</subfield>
   <subfield code="x">Foreign economic relations</subfield>
   <subfield code="y">Turkey.</subfield>
  </datafield>
  <datafield tag="651" ind1=" " ind2="0">
   <subfield code="a">Syria</subfield>
   <subfield code="x">Foreign economic relations</subfield>
   <subfield code="y">Turkey.</subfield>
  </datafield>
  <datafield tag="650" ind1=" " ind2="4">
   <subfield code="a">Γεωπολιτική</subfield>
   <subfield code="z">Μέση Ανατολή.</subfield>
  </datafield>
  <datafield tag="650" ind1=" " ind2="4">
   <subfield code="a">Γεωπολιτική</subfield>
   <subfield code="z">Τουρκία.</subfield>
  </datafield>
  <datafield tag="650" ind1=" " ind2="4">
   <subfield code="a">Geopolitics</subfield>
   <subfield code="z">Middle East.</subfield>
  </datafield>
  <datafield tag="650" ind1=" " ind2="4">
   <subfield code="a">Geopolitics</subfield>
   <subfield code="z">Turkey.</subfield>
  </datafield>
  <datafield tag="852" ind1=" " ind2=" ">
   <subfield code="a">INST</subfield>
   <subfield code="b">UNIPILB</subfield>
   <subfield code="c">EUDOXOS</subfield>
   <subfield code="e">20150617</subfield>
   <subfield code="h">327.101 ΡΑΠ</subfield>
   <subfield code="p">00173097</subfield>
   <subfield code="q">00173097</subfield>
   <subfield code="t">EUDOX</subfield>
   <subfield code="y">0</subfield>
   <subfield code="4">2</subfield>
  </datafield>
  <datafield tag="852" ind1=" " ind2=" ">
   <subfield code="a">INST</subfield>
   <subfield code="b">UNIPILB</subfield>
   <subfield code="c">EUDOXOS</subfield>
   <subfield code="e">20150617</subfield>
   <subfield code="h">327.101 ΡΑΠ</subfield>
   <subfield code="p">00173098</subfield>
   <subfield code="q">00173098</subfield>
   <subfield code="t">EUDOX</subfield>
   <subfield code="y">0</subfield>
   <subfield code="4">3</subfield>
  </datafield>
  <datafield tag="852" ind1=" " ind2=" ">
   <subfield code="a">INST</subfield>
   <subfield code="b">UNIPILB</subfield>
   <subfield code="c">EUDOXOS</subfield>
   <subfield code="e">20150617</subfield>
   <subfield code="h">327.101 ΡΑΠ</subfield>
   <subfield code="p">00173099</subfield>
   <subfield code="q">00173099</subfield>
   <subfield code="t">EUDOX</subfield>
   <subfield code="y">0</subfield>
   <subfield code="4">4</subfield>
  </datafield>
  <datafield tag="852" ind1=" " ind2=" ">
   <subfield code="a">INST</subfield>
   <subfield code="b">UNIPILB</subfield>
   <subfield code="c">EUDOXOS</subfield>
   <subfield code="e">20150617</subfield>
   <subfield code="h">327.101 ΡΑΠ</subfield>
   <subfield code="p">00173100</subfield>
   <subfield code="q">00173100</subfield>
   <subfield code="t">EUDOX</subfield>
   <subfield code="y">23</subfield>
   <subfield code="4">5</subfield>
  </datafield>
  <datafield tag="852" ind1=" " ind2=" ">
   <subfield code="a">INST</subfield>
   <subfield code="b">UNIPILB</subfield>
   <subfield code="c">EUDOXOS</subfield>
   <subfield code="e">20150617</subfield>
   <subfield code="h">327.101 ΡΑΠ</subfield>
   <subfield code="p">00173101</subfield>
   <subfield code="q">00173101</subfield>
   <subfield code="t">EUDOX</subfield>
   <subfield code="y">0</subfield>
   <subfield code="4">1</subfield>
  </datafield>
  <datafield tag="852" ind1=" " ind2=" ">
   <subfield code="a">INST</subfield>
   <subfield code="b">UNIPILB</subfield>
   <subfield code="c">MAIN</subfield>
   <subfield code="e">20150617</subfield>
   <subfield code="h">327.101 ΡΑΠ</subfield>
   <subfield code="p">00170211</subfield>
   <subfield code="q">00170211</subfield>
   <subfield code="t">LOAN</subfield>
   <subfield code="y">0</subfield>
   <subfield code="4">9</subfield>
  </datafield>
  <datafield tag="852" ind1=" " ind2=" ">
   <subfield code="a">INST</subfield>
   <subfield code="b">UNIPILB</subfield>
   <subfield code="c">MAIN</subfield>
   <subfield code="e">20150617</subfield>
   <subfield code="h">327.101 ΡΑΠ</subfield>
   <subfield code="p">00170212</subfield>
   <subfield code="q">00170212</subfield>
   <subfield code="t">LOAN</subfield>
   <subfield code="y">0</subfield>
   <subfield code="4">8</subfield>
  </datafield>
  <datafield tag="852" ind1=" " ind2=" ">
   <subfield code="a">INST</subfield>
   <subfield code="b">UNIPILB</subfield>
   <subfield code="c">MAIN</subfield>
   <subfield code="e">20150617</subfield>
   <subfield code="h">327.101 ΡΑΠ</subfield>
   <subfield code="p">00170213</subfield>
   <subfield code="q">00170213</subfield>
   <subfield code="t">LOAN</subfield>
   <subfield code="y">0</subfield>
   <subfield code="4">7</subfield>
  </datafield>
  <datafield tag="852" ind1=" " ind2=" ">
   <subfield code="a">INST</subfield>
   <subfield code="b">UNIPILB</subfield>
   <subfield code="c">MAIN</subfield>
   <subfield code="e">20150617</subfield>
   <subfield code="h">327.101 ΡΑΠ</subfield>
   <subfield code="p">00170214</subfield>
   <subfield code="q">00170214</subfield>
   <subfield code="t">LOAN</subfield>
   <subfield code="y">0</subfield>
   <subfield code="4">6</subfield>
  </datafield>
  <datafield tag="852" ind1=" " ind2=" ">
   <subfield code="a">INST</subfield>
   <subfield code="b">UNIPILB</subfield>
   <subfield code="c">MAIN</subfield>
   <subfield code="e">20150617</subfield>
   <subfield code="h">327.101 ΡΑΠ</subfield>
   <subfield code="p">00170215</subfield>
   <subfield code="q">00170215</subfield>
   <subfield code="t">LOAN</subfield>
   <subfield code="y">0</subfield>
   <subfield code="4">10</subfield>
  </datafield>
 </record>
</collection>
